000 00778nam a22002537a 4500
003 UA-OsUOA
001 46427
007 ta
008 20070616b un ||||| |||| 00| 0 ukr d
100 _aГоловистикова А.Н.
700 _aДмитриев Ю.А.
090 _a340.12(0758)
_bГ61
942 _cBK
040 _aUA-OsUOA
_brus
_cUA-OsUOA
_dUA-OsUOA
245 _aТеория государства и права
_bУчебник
300 _a592 с.
955 _a2
041 _arus
080 _a340.12(0758)
020 _a5-699-11661-3
260 _aМ.
_bизд-во Эксмо
_c2007
650 7 _a340 Право в цілому. Пропедевтика. Методи та допоміжні правничі науки
_2UDC
999 _c332521
_d332521